Wow

Uloženo v:
Podrobná bibliografie
Médium: Kniha
Jazyk:Undetermined
Vydáno: Marcel Didier 1994
Témata:
Tagy: Přidat tag
Žádné tagy, Buďte první, kdo otaguje tento záznam!
Thư viện lưu trữ: Trung tâm Học liệu Trường Đại học Cần Thơ
LEADER 00412nam a2200157Ia 4500
001 CTU_120909
008 210402s9999 xx 000 0 und d
082 |a 428.34 
082 |b W938/Lel.1 
245 0 |a Wow 
260 |b Marcel Didier 
260 |c 1994 
650 |a French language,French language 
650 |x Study and teaching 
904 |i M.Loan 
980 |a Trung tâm Học liệu Trường Đại học Cần Thơ